| 000 | 00407nam a2200181Ia 4500 | ||
|---|---|---|---|
| 001 | 4577 | ||
| 005 | 20260306145806.0 | ||
| 008 | 260306t1978||||xx |||||||||||||| ||spa|| | ||
| 041 | _aESP | ||
| 082 |
_a325.21 _bB15 |
||
| 100 |
_aBaella Tuesta, Alfonso _eAUT |
||
| 245 | 0 | _aSecuestro | |
| 260 | _c1978 | ||
| 300 |
_a448 páginas : _c21 cm. |
||
| 650 | _aGEN | ||
| 654 | _aCHU | ||
| 942 |
_cLIB _dJUS _fJUS _2ddc _n |
||
| 999 |
_c4577 _d4577 |
||